MDQL
is popping MORE tags! Check the
thread
!
Quizzes
Events
Quiz Creation
Community
Videos
Private Events
Remove Ads
Sign In
Join for FREE
Feedback
Dark Mode
Quiz Categories
Sports
Geography
Music
Movies
Television
Just For Fun
Miscellaneous
History
Literature
Language
Science
Gaming
Entertainment
Religion
Holiday
For Kids
Quiz Lab
Recent
Popular Today
Quiz Kudos Today
Editor Picks
Curator Picks
Quizzes by...
Day
Popularity
Type
Ratings
Length
Year
Community
Subscriptions
Recent Discussions
Orange Saloon
Badges
Playlists
Quests
Create
Leaderboards
Showdown
Live 5
Trivia Bingo
Activity
Puzzle Library
Sporcle Events
Private Events
Virtual Trivia
Globe League
Become a Host
Pub Owners
SporcleCon
Opinionation
Our Games
Videos
Blog
Mobile Apps
Partnerships
Remove Ads and Go Orange
Feedback
Music
Pop Music
The Beatles
Song
Album
Lyrics
Bands
Singers
Artist
Clip
Rock
Rap
Classical
Billboard
Country Music
Kpop
Taylor Swift
Music
Pop Music
The Beatles
Song
Album
Lyrics
Bands
Singers
Artist
Clip
Rock
Rap
Classical
Billboard
Country Music
Kpop
Taylor Swift
Random Quiz
Search Sporcle
×
Quiz Lab
Quiz Lab
Music
Song
Type in answers that appear in a list
Type in answers that appear in a list
Classic
Best Score? Go Orange.
Your Favorite Martian Music Song by Music Video Stats
Can you name the songs by Your Favorite Martian given a short description of the music video?
By
phillipjfry
8m
42 Questions
379 Plays
379 Plays
379 Plays
Comments
Comments
Give Quiz Kudos
Give Quiz Kudos
-
- Ratings
hide this ad
Forced Order
Answers have to be entered in order
Answers have to be entered in order
Random Order
Randomize order of answers
Randomize order of answers
Replay
Link that replays current quiz
Next Quiz
Link to next quiz in quiz playlist
You Got
0%
They Got
Avg Score
62%
Avg Friend Score
Upgrade to see
Score Distribution
Jump to the score distribution portion of the page
Score
0/42
Timer
08:00
0
Plays Today
Description
Song
% Correct
Puff Puff gets mad in traffic.
Road Rage
75%
A geeky guy makes fun of another geeky guy over nerdy things, but is interrupted by his mother, who yells at him for watching porn videos on his computer.
Nerd Rage!
74.7%
A green-
skinned kid gets bullied in school for being different.
Alien
73.9%
As a high school kid, Puff Puff falls in love with a girl based solely on her two defining body parts.
Tig ol' Bitties
73.6%
Three guys go to a bar, get drunk, and halluciante.
Orphan Tears
73.1%
Puff Puff, a little poor kid, beats the crap out of a famous holiday icon.
Santa Hates Poor Kids
72.8%
Two guys sing about beating up small children.
Whip Yo Kids
72.6%
Puff Puff tries to win his lover back by bragging about the size of his testicles.
My Balls
72.3%
Benetar is in love with a girl who only considers him a friend.
Friend Zone
72%
The same nerdy kid from another video dreams of flying around in a spaceship and dominating Earth.
Take Over the World
71.2%
Puff Puff runs a store that sells nothing but asses.
Booty Store
70.4%
An undead Puff Puff tries to win the heart of a girl.
Zombie Love Song
70.2%
Puff Puff works the counter at a bar for famous machine characters.
Robot Bar Fight
68.9%
Puff Puff tries to win Tig back with a song about his privates.
My Balls (Rock Remix)
68.8%
Deejay gets in some trouble who girls who may not be girls, and eventually ends up in an insane asylum.
Transphobic Techno
68.1%
Superman thinks Lois Lane is cheating on him, and goes crazy over it.
Text Me Back
68.1%
A creepy guy spies on his friend's mother, but is beaten up (and possibly killed) when he finds out.
Stalkin' Your Mom
67.5%
A nerdy kid meets a girl at a comic convention, but suspects she has a boyfriend.
Just a Friend
67.5%
A scientist flies to a distant planet to be with his alien love, but almost doesn't make it due a field of meteors.
Jupiter
66.2%
Two guys sing about video games from the 1980's and 1990's.
8-Bit World
65.7%
The band plays a song about girls in a video made entirely out of Legos.
We Like Them Girls
65.7%
Description
Song
% Correct
The band sings about a guy who is a jerk.
Mr. Douchebag
65.2%
Puff Puff falls in love with a girl who smells horrible, but later figures out he was causing the smell all along.
Dookie Fresh
64.9%
A devilish guy tries to impress an angelic girl, but she keeps changing between being nice and mean to him.
Complicated
64.6%
Puff Puff and Benetar sing with (and about) a whitetrash rapper.
**** G
64.1%
Puff Puff sings about people from various nations.
The Stereotypes Song
63.3%
The band goes to a club and ends up having a seizure.
Epileptic Techno
62.8%
One of the lead singer's relatives begins hitting on his friends through the internet.
Grandma Got a Facebook
62.5%
Two guys beat up people from famous video games, and than each other.
Fight to Win
62.5%
Puff Puff and another guy spend a night getting drunk in a house with other guys.
White Boy Wasted
62.5%
Puff Puff and another guy go to a club, and drink to make a couple of ugly women more attractive.
She Looks Like Sex
59.9%
Your Favorite Martian are cyborgs fighting zombies.
High Voltage
58.3%
YFM plays the song in a bouncy house.
Jump Around
57.9%
A guy and his bud go to a party, and he ends up playing a party game for the love of a girl named Corona.
Bottles of Beer
57.3%
The band plays one of their old songs in front of a crowd.
Alien (Unplugged)
52.2%
Puff Puff goes to a hangout for famous baddies.
Club Villain
51.2%
Your Favorite Martian invades the party of a group of nerds.
Fight for Your Right
49.9%
A redneck gets kicked out of his house, steals his girlfriend's car, and gets arrested at a bar.
Bartender Song
48.9%
A gay character from a famous show tries to win the heart of another man from the show who is straight.
The Unofficial Smithers Love Song
47.8%
A couple from a previous video goes through relationship trouble.
Love the Way You Lie
47.4%
Puff Puff breaks up with his girlfriend and hits the town for a new one.
Puppet Break-Up
37.7%
Mario and Zelda, ex-
lovers, are in relationships with different people but still miss each other.
Somebody I Used To Know
28.2%
Quiz Playlist
Details
Report
Send in Message
Add To Playlist
Classic:
Type in answers that appear in a list
Forced Order:
Answers have to be entered in order
Random Order:
Randomize order of answers
Last Updated: Feb 16, 2017
Quiz Scoreboard
CHALLENGE
Sign Up to Join the Scoreboard
Show All
Scores
Hide
Comments
May contain spoilers
Recently Published
5x2 Blitz: Bands
by SL_Kpop136
Music
30s
Colored Red Africa Blitz
by spor1
Geography
30s
Find the 'City' Movie
by crazypaving
Movies
60s
More to Explore
Quiz From the Vault
Featured Blog Post
14 Easter Pick-up Lines to Find Eggs With
hide this ad
You Might Also Like...
Tags
Song Quiz
Comedy
Comedy Albums
Comedy Groups
Youtube
Today's Top Quizzes in Music
Browse Music
hide this ad
Today's Top Quizzes in Song
Browse Song
Top Contributed Quizzes in Music
1
5X2 Blitz: Bands II
2
5X2 Blitz: The Beatles
3
Taylor Swift All Songs (2024)
4
5X2 Blitz: Billboard
5
Taylor Swift Logic Puzzle II
6
5X2 Blitz: Billboard II
7
Taylor Swift Logic Puzzle
8
5X2 Blitz: Rock
9
5X2 Blitz: Singers
10
5X2 Blitz: Album
Explore More
Trending Topics
NBA
Crossword
Anime
Marvel
Kpop
Harry Potter
Disney
WWE
Pokémon
The Office
Country
NFL
Puzzle
Song
Soccer
hide this ad
More By:
phillipjfry
Quiz
Plays
Rating
Category
Featured
Created
Clickable Walt Disney World Hotels
46,734
4.18
Entertainment
Apr 3, 2012
Which South Park Kid Did This?
5,799
2.15
Television
Oct 6, 2012
Survivor: Top 10 Finishers From Every Season
4,660
4.79
Television
Apr 9, 2012
Total Drama: Top Ten Finishers by Season
3,549
5.00
Television
Jul 23, 2014
Walt Disney World Secrets 1
1,925
4.50
Entertainment
Mar 20, 2012
Go to Creator's Profile
Score Distribution
Quiz Creator Spotlight
phillipjfry
Follow
Send a Message
Quizzes Created
-
Created Quiz Play Count
-
More By This Creator
Popular Quizzes Today
1
Colored Red Africa Blitz
2
Find the 'City' Movie
3
Find the US States - No Outlines Minefield
4
5x2 Blitz: Bands
5
The Countries of the World
6
Find the US States
7
Find the Countries of Europe - No Outlines Minefield
8
US States
More Music Quizzes
300 Idol Kpop Names (2022)
Quiz Lab
Trending Quizzes
Colored Red Europe Blitz I
Colored Red Europe Blitz II
Colored Red Africa Blitz II
Colored Red Europe Blitz III
Colored Red Africa Blitz III
Recently Updated
How Do You Spell That?
pecheneg
Godzilla Movies
pecheneg
Grab Bag: 4-10 Letters
pecheneg
2024 March Madness Bracket
pecheneg
Famous TV Couples
Peacemaker
Champions League XIs: Real Madrid
pecheneg
Largest US Cities 1790-2010
pecheneg
Rides in Walt Disney World
pecheneg
Most Oscar Losses (Acting)
pecheneg
Beyoncé Albums
pecheneg
Trending Topics
NBA
Harry Potter
Kpop
Crossword
Anime
Marvel
Disney
Country
The Office
Soccer
WWE
NFL
Song
Puzzle
Pokémon
Your Account Isn't Verified!
In order to create a playlist on Sporcle, you need to verify the email address you used during registration. Go to your
Sporcle Settings
to finish the process.
Report this User
Report this user for behavior that violates our
Community Guidelines
.
Details:
Send Report
Go to the Sporcle.com Mobile Site →
Comments